000 00480nam a22001577a 4500
003 OSt
005 20251202131824.0
008 251202b |||||||| |||| 00| 0 eng d
020 _a0823936856
040 _cRosen Publishing Group
050 _aHQ 1236 .A33 2003
245 _aWomen's Suffrage
_bA primary source history of the women's rights movement in America
_cAdams Colleen
250 _aFirst Edition
260 _aNew York
_bRosen Publishing Group
_c2003
942 _2ddc
_cBK
_n0
999 _c9864
_d9864